| 000 | 00488nam a2200181Ia 4500 | ||
|---|---|---|---|
| 008 | 230711s9999||||xx |||||||||||||| ||und|| | ||
| 020 | _a978-81-272-5708-4 | ||
| 041 | _aENG | ||
| 082 |
_a658 _bGU-S |
||
| 100 | _aGupta,Shashi K | ||
| 245 | 0 | _aSecurity analysis and portfolio management investment management | |
| 250 | _a3rd Ed. | ||
| 260 |
_c2012 _aNew Delhi _bKalyani Publishers House |
||
| 300 | _a436 | ||
| 650 | _aUNIVESITY BUSNIESS SCHOOL | ||
| 700 | _aJoshi,Rosy | ||
| 942 | _cBK | ||
| 999 |
_c5540 _d5540 |
||